[Event "Senior DM 2019-50+"]
[Site "Aarhus"]
[Date "2019.02.14"]
[Round "4"]
[White "David, Anton"]
[Black "Cordes, Steffen"]
[Result "0-1"]
[WhiteElo "1820"]
[BlackElo "1957"]
[EventDate "2019.02.09"]
[EventType "swiss"]
[EventRounds "7"]
[EventCountry "DEN"]

1. d4 Nf6 2. c4 g6 3. Nc3 Bg7 4. e4 O-O 5. Nf3 d6 6. Be2 e5 7. dxe5 dxe5 8.
Qxd8 Rxd8 9. Bg5 c6 10. h3 Na6 11. Rd1 Rxd1+ 12. Kxd1 Nc5 13. Bxf6 Bxf6 14. Kc1
Ne6 15. Re1 Nd4 16. Bd1 Be6 17. b3 Rd8 18. Be2 h5 19. Bd1 Kf8 20. Nb1 Ke7 21.
Nbd2 c5 22. Nb1 b6 23. Nc3 Nxf3 24. Bxf3 Bg5+ 25. Kc2 Rd2+ 26. Kb1 Rxf2 27. Rd1
Bxh3 28. Rd5 Bf4 29. Nd1 Rf1 30. Rd3 Be6 31. Kc2 Re1 32. Nc3 f5 33. Rd1 Rxd1
34. Kxd1 h4 35. exf5 Bxf5 36. Nb5 e4 37. Be2 Bb8 38. Nc3 Ke6 39. Nd5 Ke5 40.
Kd2 Kd4 41. Bf1 e3+ 42. Kd1 Bg3 43. Ne7 Bb1 44. Nc6+ Kc3 45. a4 Bc2+ 46. Kc1
Bxb3 47. a5 bxa5 48. Nxa7 Bxc4 49. Bxc4 Kxc4 50. Kd1 Kd3 0-1

[Event "Senior DM 2019-50+"]
[Site "Aarhus"]
[Date "2019.02.14"]
[Round "4"]
[White "Johansen, Alexander Mikkel Jo"]
[Black "Horslund, Mikael"]
[Result "0-1"]
[WhiteElo "1953"]
[BlackElo "1696"]
[EventDate "2019.02.09"]
[EventType "swiss"]
[EventRounds "7"]
[EventCountry "DEN"]

1. e4 d6 2. d4 Nf6 3. Nc3 c6 4. Nf3 Qa5 5. Bd2 Qc7 6. Bd3 Bg4 7. O-O e5 8. dxe5
dxe5 9. Re1 Nbd7 10. Bc4 Nb6 11. Be2 O-O-O 12. Qc1 Be7 13. a4 h6 14. a5 Nbd7
15. Be3 Kb8 16. Rd1 g5 17. Ra4 Be6 18. b4 a6 19. Nd2 Ng4 20. Bxg4 Bxg4 21. f3
Be6 22. Ne2 c5 23. bxc5 Nxc5 24. Ra1 Rd7 25. c4 Nd3 26. Qc2 Bc5 27. Nf1 Rhd8
28. h3 Bxe3+ 29. Nxe3 Qc5 30. Kh2 Qxe3 31. Rdb1 Nc5 32. Nc3 Rd2 33. Qc1 Qxf3
34. Qg1 Qxh3# 0-1

[Event "Senior DM 2019-50+"]
[Site "Aarhus"]
[Date "2019.02.14"]
[Round "4"]
[White "Lilja, Richard"]
[Black "Westenborg, Allan"]
[Result "1-0"]
[WhiteElo "2138"]
[BlackElo "1893"]
[EventDate "2019.02.09"]
[EventType "swiss"]
[EventRounds "7"]
[EventCountry "DEN"]

1. e4 c5 2. d4 cxd4 3. c3 dxc3 4. Nxc3 e6 5. Nf3 a6 6. Bc4 Bc5 7. O-O Qc7 8.
Qe2 Nc6 9. Rd1 Nf6 10. h3 b5 11. Bb3 d6 12. Bf4 Ne5 13. Rac1 Nfd7 14. Bxe5 dxe5
15. Ng5 Nf6 16. Nxb5 Qb6 17. Nc3 Be7 18. Ba4+ Bd7 19. Bxd7+ Nxd7 20. Qh5 g6 21.
Qh6 Bf8 22. Qh4 Be7 23. Qg3 Rc8 24. Nxf7 Rf8 25. Nxe5 Nxe5 26. Qxe5 Qxf2+ 27.
Kh1 Qxb2 28. Qxe6 Qb7 29. Nd5 1-0

[Event "Senior DM 2019-50+"]
[Site "Aarhus"]
[Date "2019.02.14"]
[Round "4"]
[White "Munch, Anders"]
[Black "Vang, Frank Lennart"]
[Result "1-0"]
[WhiteElo "2014"]
[BlackElo "1955"]
[EventDate "2019.02.09"]
[EventType "swiss"]
[EventRounds "7"]
[EventCountry "DEN"]

1. d4 g6 2. e4 Bg7 3. Nf3 c6 4. Bd3 d5 5. e5 Bg4 6. c3 e6 7. Nbd2 Ne7 8. h3
Bxf3 9. Nxf3 Qc7 10. O-O h5 11. Bg5 Nd7 12. Qd2 Ng8 13. Nh4 Nf8 14. b4 Bh6 15.
f4 Ne7 16. Bxh6 Rxh6 17. f5 Rh7 18. fxe6 Nxe6 19. Rf6 O-O-O 20. a4 Ng8 21. Rff1
Qe7 22. Nf3 Rg7 23. a5 g5 24. b5 g4 25. Ne1 gxh3 26. a6 b6 27. bxc6 hxg2 28.
Nxg2 Qh4 29. Rab1 Ne7 30. Rf2 Rdg8 31. Rxb6 axb6 32. a7 Kc7 33. Qa2 Ra8 34. Qa3
Rxg2+ 35. Rxg2 Nc8 36. Qb3 Rxa7 37. Qxd5 Kb8 38. Rg8 Ra1+ 39. Bf1 Rxf1+ 40.
Kxf1 Qf4+ 41. Ke2 Qh2+ 42. Kd1 Qe2+ 43. Kxe2 Nf4+ 44. Kf3 Nxd5 45. c4 Nde7 46.
Rh8 Nxc6 47. Ke4 Kc7 48. Rh7 Nd8 49. d5 Kd7 50. Rxh5 Ne7 51. Rh6 Nc8 52. Kf5
Ne7+ 53. Ke4 Nc8 54. Kd4 Nb7 55. Rf6 Ke7 56. Rh6 Kd7 57. Rh7 Nd8 58. Kc3 Ke8
59. Kb4 Kf8 60. Kb5 Ke8 61. Rh6 Kd7 62. Rh8 Ke7 63. Ka6 Kd7 64. Rh6 Ke7 65.
Rxb6 Nxb6 66. Kxb6 Kd7 67. c5 f6 68. exf6 Nf7 69. Kb7 Nd8+ 70. Kb8 1-0

[Event "Senior DM 2019-50+"]
[Site "Aarhus"]
[Date "2019.02.14"]
[Round "4"]
[White "Nielsen, Carsten Juul"]
[Black "Friis, Henrik"]
[Result "1/2-1/2"]
[WhiteElo "1913"]
[BlackElo "1781"]
[EventDate "2019.02.09"]
[EventType "swiss"]
[EventRounds "7"]
[EventCountry "DEN"]

1. d4 Nf6 2. c4 g6 3. Nc3 Bg7 4. e4 d6 5. Be2 O-O 6. Bg5 h6 7. Be3 e5 8. d5 a5
9. c5 Na6 10. cxd6 cxd6 11. f3 Bd7 12. Bxa6 Rxa6 13. Nge2 b5 14. Qd3 Qa8 15.
Nxb5 Bxb5 16. Qxb5 Rb8 17. Qd3 Rxb2 18. O-O a4 19. Rfb1 a3 20. Bc1 Rab6 21. Be3
Rb7 22. Rc1 Nh5 23. g3 f5 24. Rc3 fxe4 25. fxe4 Nf6 26. Rac1 Qa4 27. Rxa3 Qxe4
28. Qxe4 Nxe4 29. Nc3 Nxc3 30. Ra8+ Kh7 31. Rxc3 Rb1+ 32. Kg2 e4 33. Rc6 R1b2+
34. Kh3 Re2 35. Rb6 Re7 36. Bf4 g5 37. Bxd6 Rf7 38. g4 Rd2 39. Bg3 Rxd5 40. Re6
Rd4 41. Rae8 1/2-1/2

[Event "Senior DM 2019-50+"]
[Site "Aarhus"]
[Date "2019.02.14"]
[Round "4"]
[White "Rosenberg, Jan"]
[Black "Gronhoj, Benny"]
[Result "1-0"]
[WhiteElo "1857"]
[BlackElo "1984"]
[EventDate "2019.02.09"]
[EventType "swiss"]
[EventRounds "7"]
[EventCountry "DEN"]

1. d4 Nf6 2. Nf3 d6 3. c4 c6 4. Nc3 Bf5 5. e3 Nbd7 6. Bd3 Bg6 7. h3 e5 8. Bxg6
hxg6 9. e4 Be7 10. Qe2 Qb6 11. d5 Nc5 12. O-O Nh5 13. Be3 Qc7 14. b4 Nd7 15. a4
Nf4 16. Bxf4 exf4 17. e5 Nxe5 18. Nxe5 dxe5 19. c5 Bf6 20. d6 Qd7 21. b5 O-O
22. Ne4 cxb5 23. axb5 Rfc8 24. Ra3 Bd8 25. Rc1 f5 26. Qc4+ Qf7 27. Nd2 e4 28.
Qxf7+ Kxf7 29. c6 bxc6 30. bxc6 Bb6 31. Nc4 Ke6 32. d7 Rcb8 33. Nxb6 axb6 34.
c7 Kxd7 35. cxb8=N+ Rxb8 36. Ra7+ Ke6 37. Rc6+ Kd5 38. Rxg6 b5 39. Rgxg7 b4 40.
Rgb7 Rxb7 41. Rxb7 1-0

[Event "Senior DM 2019-50+"]
[Site "Aarhus"]
[Date "2019.02.14"]
[Round "4"]
[White "Starup, Leo"]
[Black "Poulsen, Knud"]
[Result "1-0"]
[WhiteElo "1554"]
[BlackElo "1747"]
[EventDate "2019.02.09"]
[EventType "swiss"]
[EventRounds "7"]
[EventCountry "DEN"]

1. d4 Nf6 2. c4 e6 3. Nc3 Bb4 4. Qc2 d5 5. a3 Bxc3+ 6. bxc3 Ne4 7. Nf3 Nc6 8.
e3 O-O 9. Be2 f5 10. O-O Rf6 11. cxd5 exd5 12. c4 Be6 13. Bb2 Rh6 14. Rab1 Rb8
15. cxd5 Bxd5 16. Bc4 Ne7 17. Bxd5+ Nxd5 18. Qc4 c6 19. Rfc1 Qd6 20. g3 g5 21.
Qd3 Re8 22. Rc2 f4 23. Ne5 Rxe5 24. dxe5 Qg6 25. g4 f3 26. Rc4 Rxh2 27. Qxe4
Rg2+ 28. Kf1 Nxe3+ 29. Qxe3 Rh2 30. Qxf3 Qxb1+ 31. Bc1 Qb5 32. Qc3 Rh1+ 33. Ke2
Qd5 34. Bd2 Rh3 35. f3 Rh2+ 36. Ke3 Rh3 37. Re4 Qf7 38. Ke2 Rh2+ 39. Kd1 b5 40.
e6 Rh1+ 41. Kc2 Qe7 42. Qb4 c5 43. Qxb5 Rh2 44. Qd7 Kf8 45. Rc4 Rh6 46. Bxg5
1-0

[Event "Senior DM 2019-50+"]
[Site "Aarhus"]
[Date "2019.02.15"]
[Round "5"]
[White "Gronhoj, Benny"]
[Black "Lilja, Richard"]
[Result "1-0"]
[WhiteElo "1984"]
[BlackElo "2138"]
[EventDate "2019.02.09"]
[EventType "swiss"]
[EventRounds "7"]
[EventCountry "DEN"]

1. b3 Nf6 2. Bb2 g6 3. e3 Bg7 4. Nf3 O-O 5. Be2 d6 6. O-O Nbd7 7. c4 Re8 8. Nc3
e5 9. d4 e4 10. Nd2 Nf8 11. Qc2 Bf5 12. h3 h5 13. Rac1 h4 14. b4 N8h7 15. Rfd1
Ng5 16. d5 Nd7 17. Nb3 Ne5 18. Nd4 Nef3+ 19. Bxf3 Nxf3+ 20. gxf3 Bxd4 21. fxe4
Bxh3 22. Kh2 Be5+ 23. f4 Qg5 24. Rg1 Bxf4+ 25. exf4 Qxf4+ 26. Kxh3 f5 27. Rxg6+
Kf7 28. Rg7+ Kf8 29. Qg2 Qe3+ 30. Kh2 h3 31. Rg8+ Ke7 32. Qg7+ Kd8 33. Qf6+ Kd7
34. Qf7+ Kd8 35. Rxe8# 1-0

[Event "Senior DM 2019-50+"]
[Site "Aarhus"]
[Date "2019.02.15"]
[Round "5"]
[White "Horslund, Mikael"]
[Black "Friis, Henrik"]
[Result "1-0"]
[WhiteElo "1696"]
[BlackElo "1781"]
[EventDate "2019.02.09"]
[EventType "swiss"]
[EventRounds "7"]
[EventCountry "DEN"]

1. d4 Nf6 2. c4 g6 3. Nc3 Bg7 4. e4 d6 5. Be2 O-O 6. g4 c5 7. g5 Nfd7 8. d5 Na6
9. Qc2 Re8 10. Nf3 Ne5 11. Nxe5 Bxe5 12. h4 Nb4 13. Qb1 f5 14. gxf6 exf6 15. a3
Na6 16. Kf1 Nc7 17. Qd3 f5 18. Bf3 f4 19. Bd2 Qf6 20. Ke2 a6 21. a4 Kh8 22.
Rag1 Bd7 23. a5 Rg8 24. Nd1 Raf8 25. Bc3 Ne8 26. Kd2 Rg7 27. Kc1 Qe7 28. Bxe5
Qxe5 29. Rg5 Qf6 30. Qc3 Qxc3+ 31. Nxc3 h6 32. Rgg1 Rff7 33. Kd2 Kg8 34. Bd1
Re7 35. f3 Nf6 36. Bc2 Be8 37. Ne2 Nh5 38. Rh2 Re5 39. Rhg2 Kf8 40. Kc3 Ke7 41.
Rg4 g5 42. hxg5 hxg5 43. Nxf4 Nxf4 44. Rxf4 Rh7 45. Rfg4 Kf6 46. R4g3 Rh2 47.
R1g2 Rxg2 48. Rxg2 Re7 49. b4 cxb4+ 50. Kxb4 Rc7 51. Kc3 Rc5 52. Kb4 Rc7 53.
Bd3 Bh5 54. Be2 Rc8 55. f4 Bxe2 56. fxg5+ Kg6 57. Rxe2 Re8 58. c5 dxc5+ 59.
Kxc5 Kxg5 60. Kb6 Kf4 61. d6 Kf3 62. Rd2 Re6 63. Kc7 Ke3 64. Rd1 Ke2 65. Rd5
Ke3 66. d7 Rc6+ 67. Kxb7 1-0

[Event "Senior DM 2019-50+"]
[Site "Aarhus"]
[Date "2019.02.15"]
[Round "5"]
[White "Lindestrom, Torsten"]
[Black "Rosenberg, Jan"]
[Result "1-0"]
[WhiteElo "2198"]
[BlackElo "1857"]
[EventDate "2019.02.09"]
[EventType "swiss"]
[EventRounds "7"]
[EventCountry "DEN"]

1. d4 c5 2. d5 d6 3. c4 b5 4. f3 g6 5. e4 bxc4 6. Bxc4 Bg7 7. Ne2 Nf6 8. Nec3
O-O 9. O-O Nbd7 10. Na3 Rb8 11. Qe2 Qa5 12. Bb5 a6 13. Bd3 Ne5 14. Bc2 Qc7 15.
f4 Ned7 16. Bd3 Qa7 17. Be3 Ne8 18. Nc4 a5 19. Na3 Nc7 20. Nab5 Nxb5 21. Bxb5
Qb6 22. a4 Bd4 23. Nd1 Nf6 24. h3 e6 25. dxe6 fxe6 26. Ra3 Nh5 27. Kh2 Qd8 28.
g4 Ng7 29. Bxd4 cxd4 30. Qc4 Bb7 31. Qxd4 e5 32. fxe5 Rxf1 33. Bxf1 dxe5 34.
Qxd8+ Rxd8 35. Rd3 Rf8 36. Bg2 Ne6 37. Rb3 Ba8 38. Rb5 Rd8 39. Rxe5 Nf4 40. Nc3
Kf7 41. Rxa5 Rd2 42. Kg3 Nxg2 43. Rxa8 g5 44. Ra7+ Kg6 45. Ra6+ Kg7 46. Nd5 Nh4
47. Ne3 Kf7 48. Rb6 Re2 49. Rb3 Ng6 50. a5 Ne5 51. a6 Nc6 52. a7 Nxa7 53. Kf3
1-0

[Event "Senior DM 2019-50+"]
[Site "Aarhus"]
[Date "2019.02.15"]
[Round "5"]
[White "Munch, Anders"]
[Black "Rewitz, Poul"]
[Result "0-1"]
[WhiteElo "2014"]
[BlackElo "2227"]
[EventDate "2019.02.09"]
[EventType "swiss"]
[EventRounds "7"]
[EventCountry "DEN"]

1. d4 Nf6 2. Bg5 Ne4 3. Bh4 c5 4. f3 g5 5. fxe4 gxh4 6. e3 Bh6 7. Qd3 Nc6 8. c3
Qb6 9. b3 d6 10. Nf3 h3 11. gxh3 Bd7 12. Nbd2 cxd4 13. exd4 Rc8 14. Nc4 Qc7 15.
Ne3 Nb4 16. cxb4 Qc3+ 17. Qxc3 Rxc3 18. Ng4 Bxg4 19. hxg4 Rxf3 20. Bg2 Rc3 21.
Kf2 Rg8 22. Bf3 Be3+ 23. Ke2 Bxd4 24. Rac1 Kd7 25. Rxc3 Bxc3 26. b5 Be5 27. h3
Rc8 28. Rd1 h6 29. Rd2 Bf4 30. Rb2 Rc1 31. Kf2 Ke6 32. Bg2 Ke5 33. b4 Bg5 34.
Kg3 Be3 35. Kf3 Bd4 36. Rb3 Rc2 37. a4 Bc3 38. h4 Be1 39. g5 Rf2+ 0-1

[Event "Senior DM 2019-50+"]
[Site "Aarhus"]
[Date "2019.02.15"]
[Round "5"]
[White "Poulsen, Knud"]
[Black "Johansen, Alexander Mikkel Jo"]
[Result "0-1"]
[WhiteElo "1747"]
[BlackElo "1953"]
[EventDate "2019.02.09"]
[EventType "swiss"]
[EventRounds "7"]
[EventCountry "DEN"]

1. c4 Nf6 2. Nc3 e6 3. e4 Nc6 4. d4 e5 5. dxe5 Nxe5 6. Bf4 Ng6 7. Bg3 d6 8. Qc2
c6 9. Rd1 Nh5 10. Be2 Nxg3 11. hxg3 Qc7 12. Nf3 Be7 13. Bd3 Bg4 14. Qa4 Bd7 15.
Qb3 Ne5 16. Nxe5 dxe5 17. Be2 Bc5 18. O-O O-O 19. Na4 Bd4 20. g4 Qd8 21. Qh3
Re8 22. Qh5 Re6 23. g5 h6 24. Rxd4 exd4 25. f4 hxg5 26. fxg5 Rg6 27. Nc5 Bc8
28. Nd3 Qxg5 29. Rf2 Qxh5 30. Bxh5 Rf6 31. Re2 Be6 32. b3 Re8 33. e5 Rh6 34.
Bf3 Bf5 35. Be4 Bxe4 36. Rxe4 Rd8 37. g3 b6 38. Kg2 Re6 39. g4 f6 40. Kf3 fxe5
41. g5 g6 42. Ke2 c5 43. Nf2 Kg7 44. Rh4 Rh8 45. Rg4 Re7 46. Kd3 Rh2 47. Ne4
Rxa2 48. Rh4 Rb2 49. Nf6 Kf7 50. Rh7+ Ke6 51. Rh6 Kf5 52. Ne4 Rxb3+ 53. Kc2 Re3
0-1

[Event "Senior DM 2019-50+"]
[Site "Aarhus"]
[Date "2019.02.15"]
[Round "5"]
[White "Starup, Leo"]
[Black "Nielsen, Carsten Juul"]
[Result "0-1"]
[WhiteElo "1554"]
[BlackElo "1913"]
[EventDate "2019.02.09"]
[EventType "swiss"]
[EventRounds "7"]
[EventCountry "DEN"]

1. e4 e5 2. Nf3 Nc6 3. Bc4 Nf6 4. d3 Be7 5. c3 d6 6. O-O O-O 7. h3 Na5 8. Bb3
c5 9. Be3 Bd7 10. Nbd2 Rc8 11. Re1 Nc6 12. Nf1 h6 13. Ng3 Re8 14. Qd2 Bf8 15.
Qe2 Ne7 16. Bc1 Ng6 17. Nh2 Nf4 18. Qf3 Ne6 19. Nf5 b5 20. Kh1 c4 21. Bc2 cxd3
22. Bxd3 Nc5 23. Bc2 d5 24. exd5 e4 25. Qf4 g5 26. Nxh6+ Bxh6 27. Qg3 Nh5 28.
Qe3 Nf4 29. Ng4 Bxg4 30. hxg4 Qd7 31. Qg3 Qxd5 32. Be3 Ncd3 33. Red1 Qe6 34.
Rd2 Nxb2 35. Bd4 Bg7 36. Re1 Nc4 37. Rdd1 Rc6 38. Kg1 f5 39. gxf5 Qxf5 40. f3
Bxd4+ 41. Rxd4 Qc5 42. fxe4 Ne6 43. e5 Re7 44. Be4 Rg7 45. Bxc6 Nxd4 46. cxd4
Qxc6 47. Rd1 Qd5 48. Kf2 Qe6 49. Qb3 Rf7+ 50. Kg1 Qf5 51. Kh2 Qf2 52. Qd3 Rh7+
0-1

[Event "Senior DM 2019-50+"]
[Site "Aarhus"]
[Date "2019.02.15"]
[Round "5"]
[White "Vang, Frank Lennart"]
[Black "Cordes, Steffen"]
[Result "1/2-1/2"]
[WhiteElo "1955"]
[BlackElo "1957"]
[EventDate "2019.02.09"]
[EventType "swiss"]
[EventRounds "7"]
[EventCountry "DEN"]

1. d4 Nf6 2. Nc3 d5 3. Bg5 Bf5 4. Bxf6 exf6 5. e3 c6 6. Bd3 Bxd3 7. Qxd3 Be7 8.
Nge2 O-O 9. Ng3 g6 10. h4 Nd7 11. h5 f5 12. O-O-O Nf6 13. f3 Bd6 14. Nce2 Re8
15. hxg6 fxg6 16. Nf4 Bxf4 1/2-1/2

[Event "Senior DM 2019-50+"]
[Site "Aarhus"]
[Date "2019.02.15"]
[Round "5"]
[White "Westenborg, Allan"]
[Black "David, Anton"]
[Result "1/2-1/2"]
[WhiteElo "1893"]
[BlackElo "1820"]
[EventDate "2019.02.09"]
[EventType "swiss"]
[EventRounds "7"]
[EventCountry "DEN"]

1. d4 d5 2. Bf4 e6 3. e3 Bd6 4. Bd3 Nf6 5. Nd2 O-O 6. c3 Nc6 7. Bg3 e5 8. dxe5
Nxe5 9. Bxe5 Bxe5 10. h3 c5 11. Ngf3 Bc7 12. O-O Bd7 13. Re1 Bc6 14. Rc1 b6 15.
a3 Re8 16. b4 Qd7 17. Qc2 Ne4 18. c4 f5 19. cxd5 Bxd5 20. Bc4 Rac8 21. Ba6 Rcd8
22. Red1 Qe7 23. Bc4 Kh8 24. b5 Nxd2 25. Bxd5 Rxd5 26. Rxd2 Red8 27. Rxd5 Rxd5
28. Qc4 Qd6 29. g3 h6 30. Kg2 Bd8 31. h4 Bf6 32. Re1 Qd7 33. a4 Rd1 34. Re2 Qd3
35. Rc2 Qxc4 36. Rxc4 Kg8 37. h5 1/2-1/2

[Event "Senior DM 2019-50+"]
[Site "Aarhus"]
[Date "2019.02.16"]
[Round "6"]
[White "Cordes, Steffen"]
[Black "Munch, Anders"]
[Result "1/2-1/2"]
[WhiteElo "1957"]
[BlackElo "2014"]
[EventDate "2019.02.09"]
[EventType "swiss"]
[EventRounds "7"]
[EventCountry "DEN"]

1. e4 e6 2. d4 d5 3. Nd2 c5 4. Ngf3 Nc6 5. exd5 Qxd5 6. Bc4 Qd7 7. dxc5 Bxc5 8.
O-O Nf6 9. Qe2 O-O 10. Ne4 Nxe4 11. Qxe4 Ne7 12. Bg5 Qc6 13. Qe2 Ng6 14. Rad1
a6 15. Bb3 b5 16. Rfe1 Bb7 17. c3 Kh8 18. Bc2 Rfe8 19. Be4 Qc7 20. Bxb7 Qxb7
21. Rd3 h6 22. Be3 Bxe3 23. Qxe3 Ne7 24. Ne5 Nd5 25. Qf3 Kg8 26. Rd4 Rac8 27.
Red1 Re7 28. Ng4 Rc4 29. Qg3 Kf8 30. Qf3 Rec7 1/2-1/2

[Event "Senior DM 2019-50+"]
[Site "Aarhus"]
[Date "2019.02.16"]
[Round "6"]
[White "David, Anton"]
[Black "Starup, Leo"]
[Result "1-0"]
[WhiteElo "1820"]
[BlackElo "1554"]
[EventDate "2019.02.09"]
[EventType "swiss"]
[EventRounds "7"]
[EventCountry "DEN"]

1. Nf3 d5 2. d4 Nf6 3. e3 Bf5 4. c4 e6 5. Qb3 Qc8 6. Nc3 c6 7. Be2 Bd6 8. O-O
O-O 9. h3 Qc7 10. c5 Be7 11. Nh4 Bg6 12. Nxg6 hxg6 13. Qd1 Nbd7 14. b4 Rfe8 15.
Bd2 e5 16. Re1 e4 17. b5 Nh7 18. Rf1 Bh4 19. Be1 Ng5 20. g3 Bxg3 21. fxg3 Nxh3+
22. Kg2 Ng5 23. a4 f5 24. a5 Nf6 25. bxc6 bxc6 26. g4 Qd7 27. gxf5 gxf5 28. Bg3
Kf7 29. Rb1 f4 30. Rxf4 Qh3+ 31. Kf2 Rh8 32. Bg4 Qh6 33. Qf1 Ke7 34. Rb7+ Kd8
35. Rxf6 Qxf6+ 36. Kg2 Qh6 37. Rd7+ Ke8 38. Rd6 g6 39. Bd7+ Ke7 40. Qf6# 1-0

[Event "Senior DM 2019-50+"]
[Site "Aarhus"]
[Date "2019.02.16"]
[Round "6"]
[White "Friis, Henrik"]
[Black "Poulsen, Knud"]
[Result "1-0"]
[WhiteElo "1781"]
[BlackElo "1747"]
[EventDate "2019.02.09"]
[EventType "swiss"]
[EventRounds "7"]
[EventCountry "DEN"]

1. Nf3 Nf6 2. g3 Nc6 3. Bg2 d5 4. O-O Bg4 5. d3 e5 6. h3 Bf5 7. c3 Qd7 8. Kh2
h6 9. Re1 O-O-O 10. Qa4 Bc5 11. e3 e4 12. dxe4 Nxe4 13. Rf1 g5 14. Nd4 Bxd4 15.
cxd4 Qd6 16. Nc3 Kb8 17. Nxe4 dxe4 18. Bd2 Bg6 19. Rfc1 Qf6 20. Kg1 Rd5 21. Rc2
Rhd8 22. Rac1 R8d6 23. b4 Bf5 24. b5 Rxd4 25. exd4 Nxd4 26. Be3 a6 27. bxa6 Bd7
28. Qb4 b6 29. Bxd4 Rxd4 30. Qf8+ Ka7 31. Rxc7+ Kxa6 32. Bf1+ Ka5 33. Ra7# 1-0

[Event "Senior DM 2019-50+"]
[Site "Aarhus"]
[Date "2019.02.16"]
[Round "6"]
[White "Horslund, Mikael"]
[Black "Gronhoj, Benny"]
[Result "1-0"]
[WhiteElo "1696"]
[BlackElo "1984"]
[EventDate "2019.02.09"]
[EventType "swiss"]
[EventRounds "7"]
[EventCountry "DEN"]

1. g3 e5 2. Bg2 Nf6 3. c4 c6 4. Nc3 Bc5 5. e3 d5 6. cxd5 cxd5 7. Na4 Be7 8. Ne2
Nc6 9. O-O h5 10. d4 h4 11. dxe5 Nxe5 12. Nac3 Nfg4 13. Qxd5 hxg3 14. Qxd8+
Bxd8 15. hxg3 Nh2 16. Rd1 Bg4 17. f4 Nef3+ 18. Kf2 g5 19. Nd5 Rc8 20. Bd2 Rc2
21. Bc3 Nd4 22. Bxd4 Rxe2+ 23. Kg1 Rh7 24. Nf6+ Bxf6 25. Bxf6 Bd7 26. Rac1 1-0

[Event "Senior DM 2019-50+"]
[Site "Aarhus"]
[Date "2019.02.16"]
[Round "6"]
[White "Johansen, Alexander Mikkel Jo"]
[Black "Westenborg, Allan"]
[Result "1/2-1/2"]
[WhiteElo "1953"]
[BlackElo "1893"]
[EventDate "2019.02.09"]
[EventType "swiss"]
[EventRounds "7"]
[EventCountry "DEN"]

1. d4 Nf6 2. Nf3 d5 3. Bf4 c6 4. e3 Bg4 5. Be2 Bxf3 6. Bxf3 e6 7. c3 Nbd7 8.
Nd2 a5 9. O-O Be7 10. c4 O-O 11. Bg3 Re8 12. Rc1 Bf8 13. cxd5 exd5 14. Qc2 g6
15. Be2 Qb6 16. Qb3 Rac8 17. Qxb6 Nxb6 18. Nb3 a4 19. Nc5 Bxc5 20. Rxc5 Ne4 21.
Rc2 Kg7 22. Bd3 f6 23. Re1 Nxg3 24. hxg3 Rcd8 25. Rb1 Nc8 26. b4 axb3 27. Rxb3
Nd6 28. a4 Ra8 29. Ra2 Ra5 30. Rb4 Rea8 31. f3 b5 32. e4 Rxa4 33. Rbxa4 bxa4
34. exd5 cxd5 35. Ra3 Nc8 36. Kf2 Nb6 37. Bb5 Kf8 38. Ke2 Ke7 39. Kd3 Rc8 40.
Ra2 Ra8 41. Ra3 Ra5 42. Bc6 Kd6 43. Be8 Nc4 44. Ra2 a3 45. Kc3 Kc7 46. Bf7 Rb5
47. Bxd5 Ne3 48. Bb3 Ra5 49. Kb4 Ra7 50. Kc5 Ra5+ 1/2-1/2

[Event "Senior DM 2019-50+"]
[Site "Aarhus"]
[Date "2019.02.16"]
[Round "6"]
[White "Lilja, Richard"]
[Black "Nielsen, Carsten Juul"]
[Result "0-1"]
[WhiteElo "2138"]
[BlackElo "1913"]
[EventDate "2019.02.09"]
[EventType "swiss"]
[EventRounds "7"]
[EventCountry "DEN"]

1. e4 e5 2. Bc4 Nf6 3. d4 Nc6 4. Nf3 exd4 5. Ng5 Ne5 6. Bb3 h6 7. f4 hxg5 8.
fxe5 Qe7 9. exf6 Qxe4+ 10. Kf2 Qf5+ 11. Qf3 Qxf3+ 12. Kxf3 gxf6 13. c3 Bc5 14.
cxd4 Bxd4 15. Nc3 c6 16. Be3 Be5 17. Rad1 d5 18. h3 Be6 19. Rhe1 Rg8 20. g4 b6
21. Bd4 Bxd4 22. Rxd4 O-O-O 23. Bc2 c5 24. Rdd1 d4 25. Ne2 Bd5+ 26. Kf2 Rh8 27.
Ng1 Rde8 28. Rxe8+ Rxe8 29. b3 Kc7 30. Re1 Rxe1 31. Kxe1 Kd6 32. Bd3 Kc6 33.
Kf2 b5 34. Ne2 c4 35. bxc4 bxc4 36. Bb1 Kc5 37. a3 Bc6 38. Ng3 d3 39. Nf5 Be4
40. Ng3 Kd4 41. Ke1 Bf3 42. Kf2 Bc6 43. Nf5+ Kc3 44. Ba2 Ba4 45. Ne3 Bb3 46.
Nd5+ Kb2 47. Bxb3 Kxb3 48. Ke3 Kc2 49. Kd4 Kb3 50. Ne3 d2 51. Nd1 Kc2 52. Nc3
d1=Q+ 53. Nxd1 Kxd1 54. Kxc4 Ke2 55. a4 Kf3 56. Kb5 Kg3 57. Ka6 Kxh3 58. Kxa7
f5 59. gxf5 g4 60. a5 g3 61. a6 g2 62. Kb8 g1=Q 63. a7 Qb6+ 64. Ka8 Qc7 65. f6
Qc8# 0-1

[Event "Senior DM 2019-50+"]
[Site "Aarhus"]
[Date "2019.02.16"]
[Round "6"]
[White "Rewitz, Poul"]
[Black "Rosenberg, Jan"]
[Result "1-0"]
[WhiteElo "2227"]
[BlackElo "1857"]
[EventDate "2019.02.09"]
[EventType "swiss"]
[EventRounds "7"]
[EventCountry "DEN"]

1. d4 c5 2. d5 d6 3. e4 g6 4. Nc3 Bg7 5. Nf3 a6 6. a4 Bg4 7. Be2 Bxf3 8. gxf3
Nd7 9. h4 Bd4 10. h5 Qa5 11. Bd2 Qc7 12. a5 Ngf6 13. hxg6 fxg6 14. Na4 c4 15.
Ra3 b5 16. axb6 Nxb6 17. Ba5 Bc5 18. Rc3 Rf8 19. Rxc4 Qa7 20. Nxb6 Bxb6 21.
Bxb6 Qxb6 22. Qd4 Qxd4 23. Rxd4 h5 24. Ra4 Kf7 25. Rxa6 Rxa6 26. Bxa6 Ra8 27.
Be2 Ra2 28. Kd2 Rxb2 29. Bc4 Rb8 30. Ke3 Nd7 31. f4 Kf6 32. Kd4 Rb4 33. Kc3 Rb8
34. Re1 Rh8 35. Kd4 h4 36. Rh1 h3 37. Rh2 g5 38. Bb5 Nf8 39. Ke3 gxf4+ 40. Kxf4
Rh4+ 41. Kg3 Rxe4 42. Rxh3 Rb4 43. Bd3 Rd4 44. Rh6+ Kg7 45. Rh5 Nd7 46. Rg5+
Kf6 47. f4 Nc5 48. Rf5+ Kg7 49. Bb5 Ne4+ 50. Kf3 Kg6 51. Rf8 Nf6 52. c4 Rd3+
53. Ke2 Rd4 54. Ke3 Re4+ 55. Kf3 Rd4 56. Ra8 Kf5 57. Ra7 Rxf4+ 58. Ke3 Ng4+ 59.
Kd2 Kf6 60. Kc3 Ne5 61. Ra8 Rf3+ 62. Kb4 Nd3+ 63. Ka5 Re3 64. Kb6 Nc5 65. Re8
Kf7 66. Rh8 Kg7 67. Rh1 Kf6 68. Kc7 Nd3 69. Kd8 Nc5 70. Rf1+ Kg7 71. Ke8 Kg6
72. Kf8 e5 73. Ke7 Ne4 74. Bd7 Nd2 75. Rg1+ Kh5 76. Bf5 Nxc4 77. Kf6 Kh4 78.
Rg4+ Kh5 79. Rxc4 Rg3 80. Rc8 1-0

[Event "Senior DM 2019-50+"]
[Site "Aarhus"]
[Date "2019.02.16"]
[Round "6"]
[White "Vang, Frank Lennart"]
[Black "Lindestrom, Torsten"]
[Result "1/2-1/2"]
[WhiteElo "1955"]
[BlackElo "2198"]
[EventDate "2019.02.09"]
[EventType "swiss"]
[EventRounds "7"]
[EventCountry "DEN"]

1. b3 e5 2. Bb2 d6 3. e3 f5 4. d4 e4 5. c4 Nf6 6. Nc3 g6 7. h4 Bg7 8. Nh3 Be6
9. d5 Bf7 10. Be2 Nbd7 11. Nf4 a6 12. Qd2 Qe7 13. O-O-O Ne5 14. Kb1 h6 15. f3
exf3 16. gxf3 O-O-O 17. Nd3 Rde8 18. e4 Nh5 19. Na4 fxe4 20. fxe4 Nxd3 21. Bxd3
Bxb2 22. Qxb2 Nf4 23. Bc2 Qe5 24. Rdf1 Qxb2+ 25. Kxb2 g5 26. Nc3 Bg6 27. Rhg1
Ref8 28. hxg5 hxg5 29. Rxg5 Rh2 30. Kb1 Bh7 31. Rg4 Ng6 32. Rxf8+ Nxf8 33. Nd1
Nd7 34. Rf4 Ne5 35. Rf2 1/2-1/2

[Event "Senior DM 2019-50+"]
[Site "Aarhus"]
[Date "2019.02.17"]
[Round "7"]
[White "Gronhoj, Benny"]
[Black "Munch, Anders"]
[Result "1-0"]
[WhiteElo "1984"]
[BlackElo "2014"]
[EventDate "2019.02.09"]
[EventType "swiss"]
[EventRounds "7"]
[EventCountry "DEN"]

1. b3 d5 2. Bb2 Nf6 3. e3 Bf5 4. Nf3 Nbd7 5. c4 e6 6. Nc3 c6 7. Rc1 Bd6 8. Be2
h6 9. d4 g5 10. Bd3 g4 11. Nh4 Bxd3 12. Qxd3 Ne4 13. g3 Nxc3 14. Bxc3 Nf6 15.
O-O Ne4 16. Be1 h5 17. b4 Ng5 18. b5 Nf3+ 19. Nxf3 gxf3 20. e4 h4 21. cxd5 Qg5
22. Rc2 Qh5 23. e5 Bc7 24. bxc6 bxc6 25. dxe6 fxe6 26. Qc4 Kf7 27. Qxc6 Qf5 28.
Qd7+ Kg6 29. Rxc7 Raf8 30. Rc6 Re8 31. d5 hxg3 32. fxg3 Qe4 33. Rxe6+ Rxe6 34.
Qxe6+ Kh5 35. Qh3+ 1-0

[Event "Senior DM 2019-50+"]
[Site "Aarhus"]
[Date "2019.02.17"]
[Round "7"]
[White "Johansen, Alexander Mikkel Jo"]
[Black "David, Anton"]
[Result "1/2-1/2"]
[WhiteElo "1953"]
[BlackElo "1820"]
[EventDate "2019.02.09"]
[EventType "swiss"]
[EventRounds "7"]
[EventCountry "DEN"]

1. e4 d5 2. exd5 Qxd5 3. Nc3 Qa5 4. d4 Nf6 5. Bc4 c6 6. Bd2 Bf5 7. Nf3 e6 8.
O-O Qc7 9. Re1 Be7 10. h3 O-O 11. Ne5 Nbd7 12. g4 Bg6 13. Nxg6 hxg6 14. Qe2 Nd5
15. Bxd5 cxd5 16. Nxd5 Qd8 17. Nxe7+ Qxe7 18. Qe3 Nb6 19. Qb3 Qd7 20. Rad1 Rfc8
21. Bf4 Rc4 22. Qd3 Rac8 23. c3 Nd5 24. Bd2 Qd6 25. Qf3 b5 26. b3 Rxc3 27. Bxc3
Rxc3 28. Rd3 b4 29. a3 a5 30. axb4 axb4 31. Ra1 Qb8 32. Qg3 Qb7 33. Kh2 g5 34.
Qf3 Qb8+ 35. Qg3 Qb7 36. Qf3 Qb8+ 1/2-1/2